000 00491nam a2200157 i 4500
001 bg
100 1 _aNOWAKOWSKI, J.
245 0 _aTablice do obliczania odwodnieĊ„ budownictwa komunikacyjnego /
_cJ. Nowakowski, M. Nowakowska.
260 _aWarszawa,
_c1975.
700 1 _aNOWAKOWSKA, M.
040 _cBPK
041 _apol
942 _cKS
008 s pl f |000 0 pol
856 _uhttp://koha.tu.koszalin.pl/cgi-bin/koha/opac-detail.pl?biblionumber=547
_yKatalog online BPK
999 _c547
_d547